000 00783nam a2200229Ia 4500
003 GCL
005 20240530104738.0
008 140319s9999 xx 000 0 ara d
040 _aGCL /
_cGCL
082 0 4 _aد
_b050
100 1 _aعبدالستار ابراهيم
245 1 0 _aالعلاج السلوكى للطفل : اساليبه ونماذج من حالاته ( عالم المعرفة 180 ) /
_cعبدالستار ابراهيم
300 _a373 ص
490 _aعالم المعرفة
_v0
650 0 4 _aالصحة النفسية
650 0 4 _aالاطفال
650 0 4 _aالعلاج النفسى
650 0 4 _aالاطفال - علم نفس
700 1 _aعبدالعزيز عبدالله الدخيل
700 1 _aرضوى ابراهيم
942 _2ddc
_cBK
999 _c50320
_d50320